Statistics for Jetpunk

Click here to take the quiz!

General Stats

  • This quiz has been taken 9 times
  • The average score is 6 of 16

Answer Stats

HintAnswer% Correct
747Jet
100%
Johnny RottenPunk
100%
JokePun
100%
RubbishJunk
56%
PlacePut
56%
MelodyTune
44%
FountainPen
33%
NumberTen
33%
Not grossNet
33%
Trip made at public expenseJunket
22%
FibreJute
11%
ProtrudeJut
11%
BetPunt
11%
Bottled upPent
11%
SummerJune
0%
RemainKept
0%

Score Distribution

Percentile by Number Answered

Percent of People with Each Score

Your Score History

You have not taken this quiz